00492nam a2200157 a 4500008004100000050001400041100001900055245005200074246007800126260004100204300002300245350000900268650000800277650001800285700003100303120416s1981 ||||||||||||||||| || u aK 110 Enf aDalton, Amanda10aEnforcing antitrust against foreign enterprises aprocedural problems in the extraterritorial application of antitrust laws aDeventer (Netherlands)bKluwerc1981 axiii, 125p. : ill. a0.00 aLAW aANTITRUST LAW aCanenbley, Cornelis, 1942-